[Event "Nabokov Memorial-B 10th"]
[Site "Kiev"]
[Date "2012.04.23"]
[Round "6"]
[White "Dolzhikova, Kateryna"]
[Black "Lysak, Igor"]
[Result "1/2-1/2"]
[WhiteElo "2322"]
[BlackElo "2289"]
[PlyCount "35"]
[EventDate "2012.04.19"]
[EventType "tourn"]
[EventRounds "9"]
[EventCountry "UKR"]
[EventCategory "3"]
[SourceTitle "CBM 148 Extra"]
[Source "ChessBase"]
[SourceDate "2012.06.22"]
[SourceVersion "1"]
[SourceVersionDate "2012.06.22"]
[SourceQuality "1"]

1. e4 e6 2. d4 d5 3. exd5 exd5 4. Nf3 Nf6 5. Bg5 Be7 6. Bd3 0-0 7. 0-0 Bg4 8. Nbd2 Nbd7 9. c3 c6 10. Qc2 h6 11. Bh4 Bxf3 12. Nxf3 Ne4 13. Bxe4 Bxh4 14. Bh7+ Kh8 15. Bf5 Bf6 16. Rae1 Nb6 17. b3 Nc8 18. Bxc8 1/2-1/2

[Event "Yuzhny op"]
[Site "Yuzhny"]
[Date "2010.09.10"]
[Round "6"]
[White "Lysak, Igor"]
[Black "Bondar, Wladimir"]
[Result "1-0"]
[WhiteElo "2320"]
[BlackElo "2093"]
[PlyCount "91"]
[EventDate "2010.09.07"]
[EventType "swiss"]
[EventRounds "9"]
[EventCountry "UKR"]
[SourceTitle "CBM 138 Extra"]
[Source "ChessBase"]
[SourceDate "2010.10.29"]
[SourceVersion "1"]
[SourceVersionDate "2010.10.29"]
[SourceQuality "1"]

1. e4 e5 2. Nf3 d6 3. d4 exd4 4. Nxd4 Nf6 5. Nc3 Be7 6. Be2 0-0 7. 0-0 Re8 8. f4 Bf8 9. Bf3 Nbd7 10. Nde2 c6 11. g4 Nb6 12. g5 Nfd7 13. b3 f6 14. h4 Qe7 15. a4 a5 16. Qe1 d5 17. Ba3 Qe6 18. exd5 cxd5 19. Bxf8 Nxf8 20. Nd4 Qf7 21. Qf2 Bh3 22. Rfe1 fxg5 23. fxg5 Red8 24. Re3 Ng6 25. Rae1 Kh8 26. Bh5 Qxf2+ 27. Kxf2 Bd7 28. Bxg6 hxg6 29. Re7 Rac8 30. Ncb5 Rf8+ 31. Kg3 Kg8 32. Ne6 Rfe8 33. Rxg7+ Kh8 34. Rxg6 Bxb5 35. axb5 Rxc2 36. Rf1 Rc3+ 37. Kg2 Rc2+ 38. Kg1 Rec8 39. Rh6+ Kg8 40. g6 Rc1 41. g7 Rxf1+ 42. Kxf1 Kf7 43. Ng5+ Kxg7 44. Rxb6 Rc3 45. h5 Rxb3 46. h6+ 1-0

[Event "Yuzhny op"]
[Site "Yuzhny"]
[Date "2010.09.09"]
[Round "5"]
[White "Lysak, Igor"]
[Black "Andreev, Volodymyr"]
[Result "1-0"]
[WhiteElo "2320"]
[BlackElo "1966"]
[PlyCount "109"]
[EventDate "2010.09.07"]
[EventType "swiss"]
[EventRounds "9"]
[EventCountry "UKR"]
[SourceTitle "CBM 138 Extra"]
[Source "ChessBase"]
[SourceDate "2010.10.29"]
[SourceVersion "1"]
[SourceVersionDate "2010.10.29"]
[SourceQuality "1"]

1. e4 c5 2. Nf3 Nc6 3. d4 cxd4 4. Nxd4 e5 5. Nb5 d6 6. N1c3 a6 7. Na3 b5 8. Nd5 Nge7 9. Be3 Nxd5 10. Qxd5 Bb7 11. Qd2 Be7 12. c4 d5 13. Qxd5 Bb4+ 14. Bd2 Bxd2+ 15. Qxd2 Qxd2+ 16. Kxd2 0-0-0+ 17. Ke3 b4 18. Nc2 Nd4 19. Bd3 a5 20. Nxd4 exd4+ 21. Kd2 h5 22. h4 f6 23. Rh3 Rde8 24. f3 Rhg8 25. Bc2 g5 26. hxg5 Rxg5 27. Rh2 Reg8 28. Rg1 f5 29. Ke2 fxe4 30. fxe4 h4 31. Rxh4 Rxg2+ 32. Rxg2 Rxg2+ 33. Kd3 Bc6 34. e5 Kc7 35. Rxd4 Kb6 36. Rf4 Kc5 37. b3 Rg3+ 38. Kd2 Rg2+ 39. Kc1 Rg1+ 40. Kb2 Rg2 41. Rf1 Be4 42. Rc1 Bf5 43. Kb1 Be6 44. Re1 Kd4 45. Be4 Rh2 46. Bd5 Bxd5 47. cxd5 Kxd5 48. e6 Rh8 49. e7 Re8 50. Kc2 Kd4 51. Kd2 Kc5 52. Kd3 Kb6 53. Kd4 a4 54. Kd5 a3 55. Kd6 1-0

[Event "Yuzhny op"]
[Site "Yuzhny"]
[Date "2010.09.08"]
[Round "3"]
[White "Lysak, Igor"]
[Black "Ianov, Viktor"]
[Result "1/2-1/2"]
[WhiteElo "2320"]
[BlackElo "2380"]
[PlyCount "98"]
[EventDate "2010.09.07"]
[EventType "swiss"]
[EventRounds "9"]
[EventCountry "UKR"]
[SourceTitle "CBM 138 Extra"]
[Source "ChessBase"]
[SourceDate "2010.10.29"]
[SourceVersion "1"]
[SourceVersionDate "2010.10.29"]
[SourceQuality "1"]

1. e4 g6 2. d4 Bg7 3. Nc3 d6 4. Be3 a6 5. f3 Nd7 6. Qd2 b5 7. h4 h6 8. f4 Ngf6 9. e5 b4 10. Nd1 Nd5 11. Bd3 N7b6 12. h5 g5 13. fxg5 dxe5 14. gxh6 Bf6 15. dxe5 Bxe5 16. Nf3 Bg3+ 17. Nf2 Nxe3 18. Qxe3 Qd6 19. h7 Bb7 20. 0-0 Bf4 21. Qe2 Qc5 22. Rfe1 Nd5 23. Nd2 Be3 24. Nde4 Qd4 25. c4 bxc3 26. bxc3 Qg7 27. Qf3 Bxf2+ 28. Nxf2 Qxc3 29. Rec1 Qf6 30. Qe4 0-0-0 31. Rab1 Nb6 32. Qg4+ Kb8 33. a4 a5 34. Rc5 Qd4 35. Qxd4 Rxd4 36. Rxa5 Nxa4 37. Rg5 Nb6 38. Rg7 e5 39. Rxf7 e4 40. Be2 e3 41. Ng4 Be4 42. Rb3 Bd5 43. Rxb6+ cxb6 44. Rd7 Rd2 45. Nxe3 Rxe2 46. Nxd5 Rd2 47. Nxb6 Rxd7 48. Nxd7+ Kc7 49. Nf6 Kd6 1/2-1/2

[Event "Kiev Independence Cup-A 9th"]
[Site "Kiev"]
[Date "2009.08.19"]
[Round "7"]
[White "Malienko, Alexander"]
[Black "Lysak, Igor"]
[Result "1-0"]
[WhiteElo "2199"]
[BlackElo "2369"]
[PlyCount "99"]
[EventDate "2009.08.13"]
[EventType "swiss"]
[EventRounds "11"]
[EventCountry "UKR"]
[SourceTitle "CBM 131 Extra"]
[Source "ChessBase"]
[SourceDate "2009.09.03"]
[SourceVersion "2"]
[SourceVersionDate "2009.09.16"]
[SourceQuality "1"]

1. e4 e6 2. d4 d5 3. e5 c5 4. c3 Nc6 5. Nf3 Qb6 6. a3 c4 7. Nbd2 Na5 8. g3 Bd7 9. h4 Nb3 10. Nxb3 Ba4 11. Nfd2 0-0-0 12. Qf3 Bxb3 13. Nxb3 cxb3 14. Qxf7 Ne7 15. Bg5 Kd7 16. a4 a6 17. a5 Qc6 18. h5 h6 19. Bh4 Kc8 20. Bh3 Qc4 21. Qxe6+ Kb8 22. Bf1 Qc8 23. Qxc8+ Rxc8 24. Be2 Re8 25. g4 Nc6 26. Bd1 Be7 27. Bg3 Bd8 28. Bxb3 Ne7 29. f4 Bc7 30. Bc2 Rc8 31. Kd2 Rhf8 32. Bd3 Ka7 33. b4 Nc6 34. Rhb1 Bd8 35. Bf5 Rb8 36. Be6 Ne7 37. b5 b6 38. f5 bxa5 39. f6 Ng8 40. Bxg8 Rxg8 41. e6 Rxb5 42. e7 gxf6 43. exd8Q Rxd8 44. Rxb5 axb5 45. Bc7 Rg8 46. Bxa5 Rxg4 47. Rf1 Rh4 48. Rxf6 Rxh5 49. Ke3 Rh1 50. Kf2 1-0

[Event "Sakharov Memorial 1st"]
[Site "Kiev"]
[Date "2002.07.15"]
[Round "9"]
[White "Nikolaev, Leonid"]
[Black "Lysak, Igor"]
[Result "1-0"]
[WhiteElo "2301"]
[BlackElo "2388"]
[PlyCount "67"]
[EventDate "2002.07.07"]
[EventType "tourn"]
[EventRounds "11"]
[EventCountry "UKR"]
[EventCategory "4"]
[SourceTitle "EXT 2003"]
[Source "ChessBase"]
[SourceDate "2002.11.25"]
[SourceVersion "1"]
[SourceVersionDate "2002.11.25"]
[SourceQuality "1"]

1. g3 Nf6 2. Bg2 g6 3. d4 Bg7 4. e4 d6 5. Nc3 0-0 6. Nge2 c6 7. a4 e5 8. 0-0 a5 9. h3 Na6 10. Be3 Bd7 11. Qd2 b5 12. axb5 cxb5 13. dxe5 dxe5 14. Bg5 Nb4 15. Rfd1 Bc6 16. Nd5 Nbxd5 17. exd5 Bb7 18. Nc3 b4 19. Na4 Qd6 20. c4 bxc3 21. bxc3 Nd7 22. c4 Rfc8 23. Rac1 Bf8 24. Be3 Qb4 25. Qa2 Ba6 26. d6 Rab8 27. c5 Bb5 28. Nb6 Nxb6 29. cxb6 Rxc1 30. Rxc1 Bxd6 31. Rb1 Qc4 32. Qxa5 Bd7 33. Rd1 Qe6 34. Qd5 1-0

[Event "Sakharov Memorial 1st"]
[Site "Kiev"]
[Date "2002.07.10"]
[Round "4"]
[White "Lysak, Igor"]
[Black "Perun, Sergey"]
[Result "0-1"]
[WhiteElo "2388"]
[BlackElo "2307"]
[PlyCount "86"]
[EventDate "2002.07.07"]
[EventType "tourn"]
[EventRounds "11"]
[EventCountry "UKR"]
[EventCategory "4"]
[SourceTitle "EXT 2003"]
[Source "ChessBase"]
[SourceDate "2002.11.25"]
[SourceVersion "1"]
[SourceVersionDate "2002.11.25"]
[SourceQuality "1"]

1. e4 c5 2. Nf3 e6 3. d4 cxd4 4. Nxd4 a6 5. Nc3 b5 6. a3 Bb7 7. Be2 d6 8. 0-0 Nf6 9. f3 Be7 10. Be3 Nbd7 11. Qe1 0-0 12. g4 h6 13. Rd1 Rc8 14. Qg3 Re8 15. Rf2 Nh7 16. Rg2 g5 17. Bf1 Ne5 18. Rgd2 Ng6 19. Nb3 Qc7 20. Qf2 Ne5 21. Kg2 Nf8 22. Be2 Nfg6 23. Kh1 Ba8 24. Bb6 Qb7 25. Be3 Nxg4 26. fxg4 Rxc3 27. Bd3 Rcc8 28. Rf1 Bf8 29. Kg1 Bg7 30. c3 Rf8 31. Bb1 Be5 32. Nd4 Rcd8 33. Nf3 Bf4 34. h4 d5 35. h5 dxe4 36. Rxd8 Rxd8 37. hxg6 exf3 38. Bxf4 gxf4 39. gxf7+ Kxf7 40. Kh2 Qd5 41. Qh4 Qg5 42. Qf2 Qxg4 43. Qa7+ Kf6 0-1

[Event "Sakharov Memorial 1st"]
[Site "Kiev"]
[Date "2002.07.09"]
[Round "3"]
[White "Kosikov, Alexey I"]
[Black "Lysak, Igor"]
[Result "1/2-1/2"]
[WhiteElo "2415"]
[BlackElo "2388"]
[PlyCount "68"]
[EventDate "2002.07.07"]
[EventType "tourn"]
[EventRounds "11"]
[EventCountry "UKR"]
[EventCategory "4"]
[SourceTitle "EXT 2003"]
[Source "ChessBase"]
[SourceDate "2002.11.25"]
[SourceVersion "1"]
[SourceVersionDate "2002.11.25"]
[SourceQuality "1"]

1. e4 c5 2. Nf3 e6 3. c4 Nc6 4. Nc3 Nf6 5. Be2 b6 6. 0-0 Bb7 7. d4 cxd4 8. Nxd4 Nxd4 9. Qxd4 Bc5 10. Qd3 d6 11. a3 a5 12. Kh1 h5 13. Bg5 h4 14. f4 h3 15. Bf3 hxg2+ 16. Kxg2 Qd7 17. b4 axb4 18. axb4 Bxb4 19. Rxa8+ Bxa8 20. Nb5 Bb7 21. Rd1 Nxe4 22. Bxe4 f6 23. Nd4 fxg5 24. Nxe6 Qxe6 25. Bxb7 gxf4 26. Bd5 Qg4+ 27. Kh1 Qg3 28. Qe2+ Kd8 29. Ra1 Ba5 30. Rg1 f3 31. Bxf3 Rxh2+ 32. Qxh2 Qxf3+ 33. Rg2 Qf1+ 34. Rg1 Qf3+ 1/2-1/2

[Event "UKR Summer Youth Games"]
[Site "Evpatoria"]
[Date "2002.05.17"]
[Round "5"]
[White "Gasanov, Eldar"]
[Black "Lysak, Igor"]
[Result "1-0"]
[WhiteElo "2454"]
[BlackElo "2401"]
[PlyCount "67"]
[EventDate "2002.05.13"]
[EventType "swiss"]
[EventRounds "9"]
[EventCountry "UKR"]
[SourceTitle "EXT 2003"]
[Source "ChessBase"]
[SourceDate "2002.11.25"]
[SourceVersion "1"]
[SourceVersionDate "2002.11.25"]
[SourceQuality "1"]

1. e4 e6 2. d4 d5 3. Nd2 Nf6 4. e5 Nfd7 5. Bd3 c5 6. c3 Nc6 7. Ngf3 a5 8. 0-0 cxd4 9. cxd4 a4 10. a3 Nb6 11. Re1 Bd7 12. Nf1 Be7 13. Ng3 Na5 14. Be3 Nbc4 15. Rb1 b5 16. Nd2 b4 17. Qg4 g6 18. axb4 Bxb4 19. Nxc4 Nxc4 20. Bxc4 dxc4 21. Bg5 Qc7 22. Ne4 h5 23. Qf4 f5 24. Nd6+ Bxd6 25. exd6 Qc6 26. Be7 Rg8 27. Qh6 Kf7 28. Re5 Qb6 29. d5 a3 30. dxe6+ Bxe6 31. Qg5 a2 32. Qf6+ Ke8 33. Ra1 Qxb2 34. d7+ 1-0

[Event "Kiev-ch"]
[Site "Kiev"]
[Date "2002.01.??"]
[Round "5"]
[White "Spiridonov, Nikolai"]
[Black "Lysak, Igor"]
[Result "0-1"]
[WhiteElo "2124"]
[BlackElo "2401"]
[PlyCount "106"]
[EventDate "2002.01.??"]
[EventType "swiss"]
[EventRounds "11"]
[EventCountry "UKR"]
[SourceTitle "CBM 086 Extra"]
[Source "ChessBase"]
[SourceDate "2002.03.14"]
[SourceVersion "1"]
[SourceVersionDate "2002.03.14"]
[SourceQuality "1"]

1. e4 c5 2. Nc3 Nc6 3. f4 d6 4. Nf3 g6 5. Bc4 Bg7 6. d3 e6 7. 0-0 Nge7 8. Qe1 h6 9. Bd2 Rb8 10. Qh4 Nd4 11. Nxd4 cxd4 12. Ne2 b5 13. Bb3 Nc6 14. Qf2 0-0 15. Ng3 h5 16. f5 h4 17. f6 hxg3 18. hxg3 Bh8 19. g4 Bxf6 20. Qxf6 Qxf6 21. Rxf6 Ne5 22. g5 Nd7 23. Rf4 Nc5 24. Bb4 Bd7 25. Rh4 Nb7 26. Kf2 Kg7 27. Rah1 Rh8 28. Rxh8 Rxh8 29. Rxh8 Kxh8 30. a3 Kg7 31. Bd2 Nc5 32. Ba2 e5 33. Bb4 Kf8 34. Bxc5 dxc5 35. b4 c4 36. dxc4 Be6 37. Bb3 bxc4 38. Ba4 Ke7 39. Ke2 Kd6 40. Kd2 Kc7 41. Be8 Kb6 42. Ba4 a5 43. Be8 axb4 44. axb4 c3+ 45. Kd3 Kc7 46. Ke2 Bc4+ 47. Kd1 Kd8 48. Bc6 Ke7 49. Ba4 f6 50. gxf6+ Kxf6 51. Bc6 Ke6 52. Be8 g5 53. Ba4 Kd6 0-1

[Event "UKR-ch 1/2 fin U18"]
[Site "Dnipropetrovsk"]
[Date "2001.??.??"]
[Round "3"]
[White "Zinchenko, Yaroslav"]
[Black "Lysak, Igor"]
[Result "1-0"]
[WhiteElo "2229"]
[BlackElo "2371"]
[PlyCount "111"]
[EventDate "2001.??.??"]
[EventType "swiss"]
[EventRounds "9"]
[EventCountry "UKR"]
[SourceTitle "EXT 2003"]
[Source "ChessBase"]
[SourceDate "2002.11.25"]
[SourceVersion "1"]
[SourceVersionDate "2002.11.25"]
[SourceQuality "1"]

1. e4 e6 2. d4 d5 3. Nd2 Nf6 4. e5 Nfd7 5. f4 c5 6. c3 Nc6 7. Ndf3 g6 8. g3 a5 9. Bd3 a4 10. a3 cxd4 11. cxd4 Nb6 12. Ne2 Na5 13. h4 h5 14. Qc2 Nac4 15. Ng5 Rh6 16. g4 hxg4 17. Ng3 f5 18. h5 Qc7 19. hxg6 Rxh1+ 20. Nxh1 Qg7 21. Nxe6 Bxe6 22. Bxf5 Qh6 23. Ng3 Qh4 24. Bxe6 Qxg3+ 25. Qf2 Qd3 26. Bxg4 Qe4+ 27. Be2 Be7 28. g7 Qh1+ 29. Qf1 Bh4+ 30. Kd1 Qxf1+ 31. Bxf1 Kf7 32. Ke2 Rg8 33. Rb1 Na5 34. Bd2 Nb3 35. Bc3 Rxg7 36. Bh3 Rg3 37. Rh1 Nc4 38. Bc8 Rg2+ 39. Kf3 Rg3+ 40. Ke2 Re3+ 41. Kd1 Re4 42. Bxb7 Ne3+ 43. Ke2 Nf5+ 44. Kf3 Re3+ 45. Kg4 Kg6 46. Rh3 Nh6+ 47. Kxh4 Nf5+ 48. Kg4 Nh6+ 49. Rxh6+ Kxh6 50. Bxd5 Rd3 51. Bc4 Rd1 52. Be2 Rg1+ 53. Kf5 Rg2 54. Bb5 Nd2 55. e6 Nf3 56. Ke4 1-0

[Event "Wch U16"]
[Site "Oropesa del Mar"]
[Date "2000.10.16"]
[Round "5"]
[White "Lysak, Igor"]
[Black "San Emeterio Cabanes, Jose Luis"]
[Result "1-0"]
[WhiteElo "2143"]
[BlackElo "2232"]
[PlyCount "85"]
[EventDate "2000.10.11"]
[EventType "swiss"]
[EventRounds "11"]
[EventCountry "ESP"]
[SourceTitle "EXT 2001"]
[Source "ChessBase"]
[SourceDate "2000.11.22"]
[SourceVersion "1"]
[SourceVersionDate "2000.11.22"]
[SourceQuality "1"]

1. e4 c5 2. Nf3 d6 3. d4 cxd4 4. Nxd4 Nf6 5. Nc3 g6 6. g3 Bg7 7. Bg2 0-0 8. 0-0 Nc6 9. Nde2 Bd7 10. h3 a6 11. Be3 Rc8 12. f4 Qc7 13. g4 e6 14. f5 Ne8 15. Kh1 Ne5 16. Bg5 f6 17. Bc1 Qb6 18. fxe6 Bxe6 19. Nd5 Qd8 20. Nef4 Bf7 21. Be3 Kh8 22. Bd4 Rc6 23. b3 Qd7 24. c4 Bh6 25. Qe2 Qd8 26. Rad1 Ng7 27. Qf2 Ne6 28. Bb6 Qb8 29. Nxe6 Bxe6 30. Ne7 Rf7 31. Nxc6 bxc6 32. Bd4 Qc7 33. Qb2 Qe7 34. Qc3 c5 35. Bxe5 fxe5 36. Rxf7 Bxf7 37. Qa5 Bf4 38. Qe1 Qf6 39. Rd3 Qe7 40. Qd1 Be6 41. Rxd6 Bxg4 42. Rd8+ Kg7 43. Qd6 1-0

[Event "Wch U16"]
[Site "Oropesa del Mar"]
[Date "2000.10.13"]
[Round "3"]
[White "Paragua, Mark"]
[Black "Lysak, Igor"]
[Result "1-0"]
[WhiteElo "2423"]
[BlackElo "2143"]
[PlyCount "73"]
[EventDate "2000.10.11"]
[EventType "swiss"]
[EventRounds "11"]
[EventCountry "ESP"]
[SourceTitle "EXT 2001"]
[Source "ChessBase"]
[SourceDate "2000.11.22"]
[SourceVersion "1"]
[SourceVersionDate "2000.11.22"]
[SourceQuality "1"]

1. e4 e6 2. d3 d5 3. Nd2 Nf6 4. Ngf3 c5 5. g3 Nc6 6. Bg2 Be7 7. 0-0 b6 8. Re1 Bb7 9. c3 Qc7 10. Nf1 h6 11. Bf4 Qd8 12. Qe2 g5 13. Bc1 Qc7 14. a3 0-0-0 15. b4 c4 16. dxc4 Nxe4 17. Bb2 Bf6 18. Rac1 Nd6 19. cxd5 exd5 20. Ne3 Rhe8 21. Nd4 Nc4 22. Nb5 Qe7 23. Qf1 Nxe3 24. Rxe3 Qf8 25. Rxe8 Qxe8 26. Re1 Qf8 27. f4 a6 28. fxg5 Bxg5 29. h4 Be7 30. Qf5+ Kb8 31. Qf4+ Ka8 32. Nc7+ Ka7 33. Nxd5 Bd6 34. Qf2 Qg7 35. Qxb6+ Kb8 36. Ne7 Bxe7 37. Rxe7 1-0

[Event "UKR-ch U16"]
[Site "Kiev"]
[Date "2000.??.??"]
[Round "?"]
[White "Lysak, Igor"]
[Black "Derjabin, Ilja"]
[Result "1/2-1/2"]
[WhiteElo "2143"]
[BlackElo "2137"]
[PlyCount "105"]
[EventDate "2000.??.??"]
[EventType "tourn"]
[EventRounds "11"]
[EventCountry "UKR"]
[SourceTitle "EXT 2002"]
[Source "ChessBase"]
[SourceDate "2001.11.25"]
[SourceVersion "1"]
[SourceVersionDate "2001.11.25"]
[SourceQuality "1"]

1. e4 d5 2. exd5 Nf6 3. d4 Nxd5 4. c4 Nb6 5. Nf3 g6 6. h3 Bg7 7. Nc3 0-0 8. Be3 Nc6 9. Qd2 e5 10. d5 Ne7 11. g4 f5 12. 0-0-0 e4 13. Ng5 h6 14. Ne6 Bxe6 15. dxe6 Qxd2+ 16. Rxd2 c6 17. gxf5 gxf5 18. Rg1 Kh7 19. Bxb6 axb6 20. Rd7 Rfe8 21. Be2 Ng6 22. Bh5 Rxe6 23. Rxb7 Ne7 24. Rd1 Bf6 25. Kb1 Bg5 26. Ne2 Rf8 27. h4 Bxh4 28. Nf4 Rff6 29. Nxe6 Rxe6 30. Rdd7 f4 31. Kc2 Kg7 32. Kd2 f3 33. a4 Kf6 34. Rxe7 Rxe7 35. Rxe7 Bg5+ 36. Ke1 Kxe7 37. Bg6 e3 38. Be4 Kd6 39. Bxf3 Bh4 40. Ke2 exf2 41. b4 c5 42. a5 bxa5 43. bxa5 Kc7 44. a6 Kb6 45. Bb7 Bg3 46. Kf1 h5 47. Ke2 h4 48. Kf1 h3 49. Ke2 h2 50. Kf1 h1Q+ 51. Bxh1 Kxa6 52. Bd5 Ka5 53. Bg8 1/2-1/2